LEADER 02890nam 2200625Ia 450 001 9910450865103321 005 20200520144314.0 010 $a1-280-52343-3 010 $a0-19-536380-9 010 $a1-4294-0738-7 035 $a(CKB)1000000000408581 035 $a(EBL)271220 035 $a(OCoLC)191930320 035 $a(SSID)ssj0000127494 035 $a(PQKBManifestationID)11137081 035 $a(PQKBTitleCode)TC0000127494 035 $a(PQKBWorkID)10051726 035 $a(PQKB)11545115 035 $a(MiAaPQ)EBC271220 035 $a(Au-PeEL)EBL271220 035 $a(CaPaEBR)ebr10142207 035 $a(CaONFJC)MIL52343 035 $a(OCoLC)936850529 035 $a(EXLCZ)991000000000408581 100 $a19910405d1992 uy 0 101 0 $aeng 135 $aur|n|---||||| 181 $ctxt 182 $cc 183 $acr 200 10$aCompromised campus$b[electronic resource] $ethe collaboration of universities with the intelligence community, 1945-1955 /$fSigmund Diamond 210 $aNew York $cOxford University Press$d1992 215 $a1 online resource (384 p.) 300 $aDescription based upon print version of record. 311 $a0-19-505382-6 320 $aIncludes bibliographical references and index. 327 $aContents; Introduction; 1. Square One: Veritas or Hallucination; 2. Harvard and the FBI: ""A Most Cooperative and Understanding Association""; 3. The Russian Research Center, 1: Informing and Surveillance; 4. The Russian Research Center, 2: Scholarship and Intelligence; 5. More on Harvard: Public Masks, Private Faces; 6. Henry Kissinger and William Yandell Elliott: Mail-tampering, etc.; 7. William F. Buckley, Jr.: The FBI Informer as Yale Intellectual; 8. H. B. Fisher and Yale University, 1927-1952: Ivy-covered Surveillance; 9. Lux et Veritas; 10. The FBI Dissemination Program; Conclusion 327 $aNotesIndex; A; B; C; D; E; F; G; H; I; J; K; L; M; N; O; P; R; S; T; U; V; W; Y 330 $aExamines the role of the FBI in dealing with American universities regarding loyalty matters. The author has used the Freedom of Information Act to uncover instances of FBI illegal activities in this area. 606 $aPolitical crimes and offenses$xInvestigation$zUnited States$xHistory$y20th century 606 $aHigher education and state$zUnited States$xHistory$y20th century 606 $aAcademic freedom$zUnited States$xHistory$y20th century 608 $aElectronic books. 615 0$aPolitical crimes and offenses$xInvestigation$xHistory 615 0$aHigher education and state$xHistory 615 0$aAcademic freedom$xHistory 676 $a364.1/31 700 $aDiamond$b Sigmund$0876068 801 0$bMiAaPQ 801 1$bMiAaPQ 801 2$bMiAaPQ 906 $aBOOK 912 $a9910450865103321 996 $aCompromised campus$91956494 997 $aUNINA LEADER 03328oas 2201117 a 450 001 9910145780703321 005 20251105213014.0 011 $a1879-274X 035 $a(DE-599)ZDB1479038-5 035 $a(DE-599)1479038-5 035 $a(OCoLC)53181002 035 $a(CONSER) 2006233276 035 $a(CKB)954925482653 035 $a(EXLCZ)99954925482653 100 $a20031010a19819999 sy a 101 0 $aeng 135 $aurmnu|||||||| 181 $ctxt$2rdacontent 182 $cc$2rdamedia 183 $acr$2rdacarrier 200 10$aSurface science reports 210 $aAmsterdam $cNorth-Holland$d1981- 300 $aRefereed/Peer-reviewed 300 $aTitle from contents screen (ScienceDirect, viewed Nov. 2, 2006). 311 08$a0167-5729 531 0 $aSurf. sci. rep. 606 $aSurfaces (Physics)$vPeriodicals 606 $aSurface chemistry$vPeriodicals 606 $aMetals$xSurfaces$vPeriodicals 606 $aSemiconductors$xSurfaces$vPeriodicals 606 $aElectric insulators and insulation$xSurfaces$vPeriodicals 606 $aSurfaces (Physics)$vPeriodicals 606 $aSurface chemistry$vPeriodicals 606 $aSurfaces (Physique)$xPe?riodiques 606 $aChimie des surfaces$xPe?riodiques 606 $aMe?taux$xSurfaces$vPe?riodiques 606 $aSemi-conducteurs$xSurfaces$vPe?riodiques 606 $aIsolation e?lectrique$xSurfaces$vPe?riodiques 606 $aSurfaces (Physique)$vPe?riodiques 606 $aChimie des surfaces$vPe?riodiques 606 $aMetals$xSurfaces$2fast$3(OCoLC)fst01018201 606 $aSemiconductors$xSurfaces$2fast$3(OCoLC)fst01112259 606 $aSurface chemistry$2fast$3(OCoLC)fst01139210 606 $aSurfaces (Physics)$2fast$3(OCoLC)fst01139265 606 $aDunne films$2gtt 606 $aOppervlakken$2gtt 606 $aGrenslagen$2gtt 608 $aPeriodicals.$2fast 608 $aPeriodicals.$2lcgft 615 0$aSurfaces (Physics) 615 0$aSurface chemistry 615 0$aMetals$xSurfaces 615 0$aSemiconductors$xSurfaces 615 0$aElectric insulators and insulation$xSurfaces 615 0$aSurfaces (Physics) 615 0$aSurface chemistry 615 6$aSurfaces (Physique)$xPe?riodiques. 615 6$aChimie des surfaces$xPe?riodiques. 615 6$aMe?taux$xSurfaces 615 6$aSemi-conducteurs$xSurfaces 615 6$aIsolation e?lectrique$xSurfaces 615 6$aSurfaces (Physique) 615 6$aChimie des surfaces 615 7$aMetals$xSurfaces. 615 7$aSemiconductors$xSurfaces. 615 7$aSurface chemistry. 615 7$aSurfaces (Physics) 615 17$aDunne films. 615 17$aOppervlakken. 615 17$aGrenslagen. 801 0$bEBV 801 1$bEBV 801 2$bOCLCQ 801 2$bGUA 801 2$bU9S 801 2$bCIT 801 2$bGUA 801 2$bOCLCQ 801 2$bOCLCF 801 2$bSRU 801 2$bOCLCO 801 2$bOCLCQ 801 2$bUAB 801 2$bAUD 801 2$bAU@ 801 2$bZ5A 801 2$bVRC 801 2$bYYP 801 2$bWURST 801 2$bOCLCL 801 2$bLVT 801 2$bOCLCQ 906 $aJOURNAL 912 $a9910145780703321 996 $aSurface science reports$9785823 997 $aUNINA